000 00580nam a2200217 4500
001 28328
010 _a9722621726
005 20220405165304.0
090 _a28328
100 _a20070910d2004 c y0pory5003 ba
101 0 _apor
102 _aPT
930 _lBECRE
675 _a087.5
_v2
_zpor
700 _aTorrado
_bAntónio
702 _aChico
_4440
_92605
200 1 _aFábulas fabulosas
_eantologia do fabulário universal contado de novo
_fAntónio torrado
_gil. de Chico
210 _aPorto
_cCivilização
_d2004
215 _a84 p
_cil
_d34 cm
801 0 _aPT
_bCMPEN
_gRPC
990 _cLIVROS